00687nam a2200181 a 450000500170000000800410001702000180005805000270007610000190010324500640012226000540018630000170024050000470025765000320030465000240033699900190036095201260037920140412111341.0031016s19uu xx 00 eng d a0-590-49507-0 aTR(GS 507.8bW431 1994 aWeiner, Esther a25 Science mini-books (Grades Pre-K-3) /cby Esther Weiner. aNew York :bScholastic Professional Books,c1994. a22 p. ; ill. a(Reproducible--easy-to-make--easy-to-read) aScience--study and teaching aScience--Activities c105130d105130 00104050aELbELcTRd2003-10-16eLibFundg475.00l0oTR(GS 507.8 W431 1994pE9462r2014-04-12 00:00:00w2014-04-12yBK